Rizikový kapitál pri financovaní inovácií

Inovačné riziko a celkové náklady financovania inovačných projektov. Najrozšírenejšie formy a zdroje financovania inovácií. Financovanie inovácií rizikovými investormi. Problémy na európskych trhoch a inovačná stratégia.

Gespeichert in:
Bibliographische Detailangaben
1. Verfasser: Bačišin, Vladimír
Format: Buchkapitel
Sprache:Slowakisch
Schlagworte:
Tags: Tag hinzufügen
Keine Tags, Fügen Sie das erste Tag hinzu!

MARC

LEADER 00000naa a2200000 4500
001 0119123
005 20220729111643.6
041 0 |a slo 
044 |a SK 
245 1 0 |a Rizikový kapitál pri financovaní inovácií  |c Vladimír Bačišin 
520 |a Inovačné riziko a celkové náklady financovania inovačných projektov. Najrozšírenejšie formy a zdroje financovania inovácií. Financovanie inovácií rizikovými investormi. Problémy na európskych trhoch a inovačná stratégia. 
610 2 0 |a inovácia 
610 2 0 |a stratégia inovačná 
610 2 0 |a zdroje finančné 
610 2 0 |a financovanie investícií 
610 2 0 |a rozhodovanie investičné 
610 2 0 |a kapitál rizikový 
610 2 0 |a projekty investičné 
610 2 0 |a investori 
100 1 |a Bačišin, Vladimír